000 02941nam a2200361 i 4500
001 000033530
003 DO-SdBNP
005 20250409150620.0
007 ta
008 110831s1948 dr 000 0 spa d
040 _aDO-SdBNP
_bspa
_cBNPHU
_erda
082 4 _a398.2097293
_bA553f
_222
100 1 _aAndrade, Manuel José,
_d1885-1941
_eautor
_916084
240 1 0 _aFolk-lore from the Dominican Republic
_lEspañol
245 1 0 _aFolklore de la República Dominicana /
_cManuel José Andrade
264 _aCiudad Trujillo, República Dominicana :
_bUASD,
_c1948.
300 _a2 volumenes ;
_c26 cm.
336 _2rdacontent
_atexto
_btxt
337 _2rdamedia
_asin mediación
_bn
338 _2rdacarrier
_avolumen
_bnc
490 0 _aPublicaciones de la Universidad de Santo Domingo
_v54
500 _aTítulo original en inglés: Folk-lore from the Dominican Republic.
505 0 _aPresentación /
_rDaniel Toribio --
_tExordio /
_rMariano Mella --
_tPrólogo /
_tRafael Julián --
_tPalabras preliminares --
_tPrefacio --
_tIntroducción --
_tLos principales informantes --
_tObservaciones acerca del lenguaje --
_tVocabulario --
_tCuentos --
_tEl ciclo de Juan Bobo --
_tLos hermanos Rivales --
_tEl vuelo mágico --
_tLa alfombra mágica y argumentos análogos --
_tEl hombre con los dientes de oro --
_tEl hermano y la hermana abandonados en el bosque matan a la bruja --
_tEl gato bondadoso --
_tBuquí y lapén --
_tLa serpiente de la siete cabezas --
_tPan y un beso gana la lucha con el monstruo --
_tLos tres perros rompen la cadena y acuden en ayuda --
_tEl hermano más joven captura el caballo de siete colores --
_tLa promesa funesta: dar un hijo al diablo --
_tEscuchando al tres brujas --
_tLos ladrones hábiles --
_tEl falso adivino --
_tLa sustitución de objetos sin valor por objetos mágicos --
_tLa cueva de los ladrones y las palabras mágicas --
_tLa princesa encantada --
_tLa sustracción traidora de perros por niños recien nacidos --
_tEl niño de Brea --
_tLa muchacha cuyo novio era un pez --
_tLa cenicienta --
_tLa muchacha más lista que el rey --
_tEl mono curioso en dificultades --
_tCuentos de hadas --
_tCuentos de heroísmo con seres sobrenaturales o monstruos --
_tCuentos de vindicación o protección mediante poderes sobrenaturales --
_tCuentos morales: muerte, fantasmas y el diablo --
_tHistoria referente a la divinidad cristiana --
_tCuentos de animales --
_tEpisodio novelescos --
_tCuentos de dinero y picardías --
_tCuento de ingenio y gracia --
_tAdivinanzas --
_tProverbios y decíres --
_tCreencias y costumbres
590 _aInventariado, 2023/BT
650 0 _aFolclore
_zRepública Dominicana
_933448
650 4 _aFolclore en la literatura
_94697
650 4 _aCultura popular en la literatura
_912596
650 4 _aCulturas tradicionales
_910920
650 4 _aIdentidad colectiva
_91723
710 1 _aUniversidad Autónoma de Santo Domingo
_972951
910 _aValidado. Control de calidad MFF
942 _2ddc
_cLBS1
999 _c33021
_d33021